| 000 | 00657nam a2200217 u 4500 | ||
|---|---|---|---|
| 005 | 20230919064205.0 | ||
| 008 | 080430s2005 r 000 0 eng d | ||
| 020 | _a8426131921(10 dígitos) | ||
| 020 | _a9788426131928 (13 dígitos) | ||
| 035 | _aUPN01000155718 | ||
| 049 | _aI | ||
| 050 | 4 |
_aPZ74.7 _bL5.6 |
|
| 100 | 1 |
_aLindgren, Astrid, _d1907-2002 _931057 |
|
| 245 | 1 | 0 |
_aPippi Calzaslargas / _cAstrid Lindgren ; tr. Blanca Ríos. |
| 260 |
_aBarcelona, Esp. : _bJuventud, _c2005. |
||
| 300 |
_a136 p. : _bil. |
||
| 440 | 0 | _aJuventud | |
| 650 | 4 |
_aLiteratura infantil sueca _911036 |
|
| 650 | 4 |
_aNOVELA HUMORISTICA SUECA _911926 |
|
| 905 | _aInfantil | ||
| 999 |
_c127832 _d127832 |
||